[Event "EU-ch Silent"]
[Site "Lvov"]
[Date "2019.07.20"]
[Round "7"]
[White "Karwowski, Krzysztof"]
[Black "Bo, Kolbjorn"]
[Result "1-0"]
[WhiteElo "1538"]
[BlackElo "1067"]
[PlyCount "81"]
[EventDate "2019.07.16"]
[EventType "swiss"]
[EventRounds "7"]
[EventCountry "UKR"]
[SourceTitle "CBM 191 Extra"]
[Source "ChessBase"]
[SourceDate "2019.09.30"]
[SourceVersion "1"]
[SourceVersionDate "2019.09.30"]
[SourceQuality "1"]

1. e4 e5 2. Nf3 Nc6 3. Bc4 Bc5 4. Nc3 Nf6 5. d3 h6 6. 0-0 0-0 7. Nd5 d6 8. Be3 Bxe3 9. Nxe3 Rb8 10. h3 b5 11. Bb3 a5 12. a4 b4 13. Qd2 Re8 14. Nd5 Nxd5 15. Bxd5 Ne7 16. Bb3 Ng6 17. Kh2 Be6 18. Rg1 Bxb3 19. cxb3 Qe7 20. Rae1 Qe6 21. Qd1 f6 22. d4 exd4 23. Nxd4 Qe5+ 24. Kh1 c5 25. Nc6 Qxb2 26. Nxb8 Rxb8 27. Qxd6 Rf8 28. Rb1 Qe5 29. Qc6 Ne7 30. Qd7 Ng6 31. f3 Qe7 32. Qb5 Qa7 33. Rbc1 Nf4 34. Rxc5 Rb8 35. Qc4+ Kh8 36. Rc1 Qd7 37. Rc7 Qd2 38. Rc2 Qd3 39. Rc8+ Rxc8 40. Qxc8+ Kh7 41. Qf5+ 1-0